书目信息 |
| 题名: |
应用数理统计基础
|
|
| 作者: | 庄楚强 , 吴亚森 编 | |
| 分册: | ||
| 出版信息: | 广州 华南理工大学出版社 2005.09 |
|
| 页数: | 578页 | |
| 开本: | 21cm | |
| 丛书名: | ||
| 单 册: | ||
| 中图分类: | O212 | |
| 科图分类: | ||
| 主题词: | 数理统计--shu li tong ji--研究生--教材 | |
| 电子资源: | ||
| ISBN: | 7-5623-0337-1 | |
| 000 | 00907nam0 2200265 450 | |
| 001 | 010542848875 | |
| 005 | 20051219101112.43 | |
| 010 | @a7-5623-0337-1@dCNY26.00 | |
| 100 | @a19990501d2005 emky0chiy0121 ea | |
| 101 | 0 | @achi |
| 102 | @aCN@b440000 | |
| 105 | @ay a 000yy | |
| 200 | 1 | @a应用数理统计基础@AYing Yong Shu Li Tong Ji Ji Chu@f庄楚强, 吴亚森编@Fzhuang chu qiang,wu ya sen bian |
| 205 | @a第2版 | |
| 210 | @a广州@c华南理工大学出版社@d2005.09 | |
| 215 | @a578页@d21cm | |
| 320 | @a有书目 (第577-578页)。 | |
| 330 | @a本书共分6章,内容有:概率论的复习与补充,数理统计的基本概念与抽样分布,参数估计,假设检验,回归分析,方差分析与正交试验。 | |
| 333 | @a工科研究生用书 | |
| 606 | 0 | @a数理统计@Ashu li tong ji@x研究生@x教材 |
| 690 | @aO212@v4 | |
| 701 | 0 | @a庄楚强@Azhuang chu qiang@4编 |
| 701 | 0 | @a吴亚森@Awu ya sen@4编 |
| 801 | 0 | @aCN@bQSSK@c20051219 |
| 905 | @a10447@dO212@eZ927 | |
| 应用数理统计基础/庄楚强, 吴亚森编.-第2版.-广州:华南理工大学出版社,2005.09 |
| 578页;21cm |
| 使用对象:工科研究生用书 |
| ISBN 7-5623-0337-1:CNY26.00 |
| 本书共分6章,内容有:概率论的复习与补充,数理统计的基本概念与抽样分布,参数估计,假设检验,回归分析,方差分析与正交试验。 |
| ● |
| 相关链接 |
|
|
|
正题名:应用数理统计基础
索取号:O212/Z927
 
预约/预借
| 序号 | 登录号 | 条形码 | 馆藏地/架位号 | 状态 | 备注 |
| 1 | 578155 | 205781554 | 自科库401/401自科库 77排1列4层/ [索取号:O212/Z927] | 在馆 | |
| 2 | 578156 | 205781563 | 自科库401/401自科库 77排1列4层/ [索取号:O212/Z927] | 在馆 | |
| 3 | 578157 | 205781572 | 数理学院资料室/ [索取号:O212/Z927] | 在馆 |